Роль фразеологізмів у творах Джерома Девіда Селінджера та їх відтворення в перекладі (Запис № 282574)
[ простий вигляд ]
| 000 -LEADER | |
|---|---|
| fixed length control field | 01865nam a22001577a 4500 |
| 041 ## - LANGUAGE CODE | |
| Language code of text/sound track or separate title | ukr |
| 080 ## - UNIVERSAL DECIMAL CLASSIFICATION NUMBER | |
| Universal Decimal Classification number | 09 |
| 090 ## - LOCALLY ASSIGNED LC-TYPE CALL NUMBER (OCLC); LOCAL CALL NUMBER (OCLC) | |
| Local cutter number (OCLC) ; Book number/undivided call number, CALL (RLIN) | ВАС |
| 100 ## - MAIN ENTRY--PERSONAL NAME | |
| Personal name | Васильчук О. В. |
| 245 ## - TITLE STATEMENT | |
| Title | Роль фразеологізмів у творах Джерома Девіда Селінджера та їх відтворення в перекладі |
| 260 ## - PUBLICATION, DISTRIBUTION, ETC. (IMPRINT) | |
| Place of publication, distribution, etc | Острог |
| Name of publisher, distributor, etc | КАФ |
| Date of publication, distribution, etc | 2004 |
| 300 ## - PHYSICAL DESCRIPTION | |
| Extent | 48 |
| 520 ## - SUMMARY, ETC. | |
| Summary, etc | Розділ 1. Висвітленнятеоретичного підгрунтя фразеологічних одиниць.<br/>1.1. Структура стійких словосполучень.<br/>1.2. Класифікація фразеологічних одиниць.<br/>1.3. Методи дослідження фразеологізмів.<br/>1.4. Способи перекладу фразеологічних одиниць.<br/>Розділ 2. Стилістичні засоби перекладу фразеологізмів та їх застосування в перекладах творів Дж. Д. Селінджера.<br/>2.1. Передача експресивності та емоційності за допомогою фразеологічних одиниць.<br/>2.2. Фразеологічні інтенсифікатори.<br/>2.3. Створення комічного ефекту при перекладі фразеології.<br/>2.4. Врахування національно-культурного ефекту фразеології при перекладі англійських художніх творів.<br/>2.5. Особливості передачі фразеологізмів при перекладі творів Дж. Д. Селінджера різними перекладачами. |
| -- | Фразеологізм, словосполучення, переклад. |
| 650 ## - SUBJECT ADDED ENTRY--TOPICAL TERM | |
| Topical term or geographic name as entry element | Research Papers |
| 942 ## - ADDED ENTRY ELEMENTS (KOHA) | |
| Koha item type | Книги |
| Withdrawn status | Lost status | Source of classification or shelving scheme | Damaged status | Not for loan | Home library | Current library | Date acquired | Source of acquisition | Coded location qualifier | Cost, normal purchase price | Total Checkouts | Full call number | Barcode | Date last seen | Price effective from | Koha item type |
|---|---|---|---|---|---|---|---|---|---|---|---|---|---|---|---|---|
| Universal Decimal Classification | ВІЛ - Відділ іноземн. літератури НБ | ВІЛ - Відділ іноземн. літератури НБ | 08/08/2005 | Акт | В12 | 1.00 | 09 | 210136 | 20/12/2021 | 16/12/2004 | Книги |